Official Wales County Flags - Select - Statistics

General Stats
  • This quiz has been taken 15 times
  • The average score is 61 of 81
Answer Stats
Question Tile Select % Correct
Caernarfonshire No
92%
Ceredigion (Cardiganshire) No
92%
Ceredigion (Cardiganshire) No
92%
Flintshire No
92%
Flintshire No
92%
Flintshire No
92%
Flintshire No
92%
Glamorgan No
92%
Glamorgan No
92%
Glamorgan No
92%
Glamorgan No
92%
Glamorgan No
92%
Anglesey No
83%
Anglesey No
83%
Caernarfonshire No
83%
Caernarfonshire No
83%
Caernarfonshire No
83%
Caernarfonshire No
83%
Caernarfonshire No
83%
Flintshire No
83%
Flintshire No
83%
Flintshire No
83%
Glamorgan No
83%
Glamorgan No
83%
Merionethshire No
83%
Merionethshire No
83%
Merionethshire No
83%
Merionethshire No
83%
Merionethshire No
83%
Monmouthshire No
83%
Monmouthshire No
83%
Monmouthshire No
83%
Monmouthshire No
83%
Monmouthshire No
83%
Pembrokeshire No
83%
Pembrokeshire No
83%
Pembrokeshire No
83%
Pembrokeshire No
83%
Pembrokeshire No
83%
Anglesey No
75%
Anglesey No
75%
Anglesey No
75%
Anglesey No
75%
Brecknockshire No
75%
Brecknockshire No
75%
Brecknockshire No
75%
Caernarfonshire No
75%
Ceredigion (Cardiganshire) No
75%
Ceredigion (Cardiganshire) No
75%
Ceredigion (Cardiganshire) No
75%
Ceredigion (Cardiganshire) No
75%
Glamorgan No
75%
Merionethshire No
75%
Merionethshire No
75%
Merionethshire No
75%
Monmouthshire No
75%
Pembrokeshire No
75%
Pembrokeshire No
75%
Anglesey Yes
67%
Anglesey No
67%
Anglesey No
67%
Brecknockshire No
67%
Brecknockshire No
67%
Brecknockshire No
67%
Brecknockshire No
67%
Caernarfonshire No
67%
Ceredigion (Cardiganshire) No
67%
Ceredigion (Cardiganshire) No
67%
Flintshire No
67%
Glamorgan Yes
67%
Monmouthshire No
67%
Monmouthshire No
67%
Pembrokeshire No
67%
Brecknockshire No
58%
Merionethshire Yes
58%
Pembrokeshire Yes
58%
Flintshire Yes
42%
Monmouthshire Yes
42%
Brecknockshire Yes
33%
Caernarfonshire Yes
33%
Ceredigion (Cardiganshire) Yes
33%
No matching quizzes found
Score Distribution
Percent of People with Each Score
Percentile by Number Answered
Your Score History
You have not taken this quiz